000 00824nam a22002537a 4500
005 20170123162301.0
010 _aA-586549
020 _c60.00
035 _aA-586549
037 _bCen Lib/Ret
040 _aDPL
_bUR
082 _a841.08
100 _aموہممد سیید عقیل
_9475
245 _a/ عملی انتقادیت
_cموہممد سیید عقیل
246 _amualana abul kalam azad
_bby Ishaq bhatti
260 _aلکھنو
_bنصرت پلشیرس
_c1990
270 _aامینآباد
_bاتر پردیش
_e226018
300 _a209p.
_c20cm(Hb)
650 _aاردو ادب
_9142888
650 _aاردو ادب
_xتنکید
_9142889
650 _v
_aUrdu literature
_9142890
650 _aUrdu literature
_xCritism
_9479
942 _2ddc
_cUR
_h841.08
_mم ھ م
999 _c106004
_d106004